Statistieken voor Grootste objecten in het zonnestelsel

Klik hier om de quiz te nemen!

Algemene statistieken

  • Deze quiz is 349 keer genomen
  • De gemiddelde score is 16 van 35

Antwoorden op de kaart

Antwoorden kleurgecodeerd door een groen-rode schaal op de quizkaart volgens % correct hieronder.
Laden...
 

Antwoordstatistieken

TypeGemiddelde straal (km)Antwoord% Correct
Planeet3.389,5Mars
99%
Planeet6.371Aarde
97%
Planeet69.911Jupiter
96%
Planeet58.232Saturnus
96%
Dwergplaneet1.188,3Pluto
95%
Planeet6.051,8Venus
95%
Planeet25.362Uranus
94%
Ster696.342Zon
93%
Satelliet van de Aarde1.737,4Maan
90%
Planeet2.439,7Mercurius
87%
Planeet24.622Neptunus
87%
Satelliet van Jupiter1.560,8Europa
57%
Satelliet van Jupiter1.821,6Io
46%
Satelliet van Saturnus2.574,43Titan
41%
Satelliet van Jupiter2.634,1Ganymedes
31%
Satelliet van Jupiter2.410,3Callisto
29%
Dwergplaneet469,7Ceres
29%
Dwergplaneet1.163Eris
25%
Satelliet van Neptunus1.353,4Triton
25%
Dwergplaneet715Makemake
23%
Satelliet van Pluto606Charon
22%
Satelliet van Uranus761,4Oberon
21%
Satelliet van Saturnus763,8Rhea
20%
Satelliet van Uranus788,4Titania
20%
Dwergplaneet780 (ellipsoïde)Haumea
18%
Satelliet van Saturnus531,1Tethys
16%
Satelliet van Uranus578,9Ariel
15%
Satelliet van Saturnus561,4Dione
15%
Satelliet van Saturnus734,5Iapetus
15%
Sednoïde~498Sedna
15%
Satelliet van Uranus584,7Umbriel
15%
Dwergplaneet?~615Gonggong
13%
Plutino~458Orcus
13%
Cubewano560,5Quaoar
13%
Cubewano~423Salacia
10%

Scoreverdeling

Percentiel versus Aantal Correcte Antwoorden

Procent van Mensen met Elke Score

Uw Scoregeschiedenis

U heeft deze quiz nog niet genomen